<?xml version="1.0" encoding="UTF-8"?>
<record
    xmlns:xsi="http://www.w3.org/2001/XMLSchema-instance"
    xsi:schemaLocation="http://www.loc.gov/MARC21/slim http://www.loc.gov/standards/marcxml/schema/MARC21slim.xsd"
    xmlns="http://www.loc.gov/MARC21/slim">

  <leader>01993njm a2200301Ia 4500</leader>
  <controlfield tag="001">H1494</controlfield>
  <controlfield tag="003">IT-RoPAU</controlfield>
  <controlfield tag="005">20220918181153.0</controlfield>
  <controlfield tag="008">131025s9999    xx            000 0 und d</controlfield>
  <datafield tag="040" ind1=" " ind2=" ">
    <subfield code="a">IT-RoPAU</subfield>
  </datafield>
  <datafield tag="040" ind1=" " ind2=" ">
    <subfield code="c">IT-RoPAU</subfield>
  </datafield>
  <datafield tag="999" ind1=" " ind2=" ">
    <subfield code="c">102284</subfield>
    <subfield code="d">102284</subfield>
  </datafield>
  <datafield tag="999" ind1=" " ind2=" ">
    <subfield code="b">n.d.</subfield>
  </datafield>
  <datafield tag="100" ind1=" " ind2=" ">
    <subfield code="a">AA.VV.</subfield>
    <subfield code="9">794</subfield>
  </datafield>
  <datafield tag="100" ind1=" " ind2=" ">
    <subfield code="e">Autore musica</subfield>
    <subfield code="9">33304</subfield>
  </datafield>
  <datafield tag="100" ind1=" " ind2=" ">
    <subfield code="g">Codice autore musica SPICS: 12000</subfield>
    <subfield code="9">796</subfield>
  </datafield>
  <datafield tag="245" ind1=" " ind2=" ">
    <subfield code="a">Splasc(h) Story</subfield>
  </datafield>
  <datafield tag="250" ind1=" " ind2=" ">
    <subfield code="a">1a ed.</subfield>
  </datafield>
  <datafield tag="260" ind1=" " ind2=" ">
    <subfield code="a">MILANO</subfield>
  </datafield>
  <datafield tag="260" ind1=" " ind2=" ">
    <subfield code="b">HACHETTE RUSCONI</subfield>
    <subfield code="c">2002 [1a Ed.:0]</subfield>
  </datafield>
  <datafield tag="300" ind1=" " ind2=" ">
    <subfield code="a">COMPACT DISC</subfield>
  </datafield>
  <datafield tag="300" ind1=" " ind2=" ">
    <subfield code="c">75 minuti (Testo: 0 pag.)</subfield>
  </datafield>
  <datafield tag="500" ind1=" " ind2=" ">
    <subfield code="a">Musica jazz. Cd fuori commercio, allegato al n. 11 2002 della rivista "Musica jazz" (Cod. H1492). Questo compact disc traccia un percorso attraverso i 20 anni di attivit&#xE0; della Splasc(H), l'etichetta che con il maggior impegno e il pi&#xF9; ampio angolo di osservazione ha accompagnato la crescita del jazz italiano; dal 1982 ad oggi oltre 500 Titoli. Qui vengono riportati 13 titoli. Vedi inserto in "Musica jazz" (Cod. H1492).</subfield>
  </datafield>
  <datafield tag="505" ind1=" " ind2=" ">
    <subfield code="a">Happy Accordion (Antonello Salis, Milano 1987, 4:21) - Bye Ya (Thelonious Monk, Milano 1992, 5:00) - South Africa February Dance (Stefano Battaglia, Milano1990, 4:45) - Zingaro (Antonio Carlos Jobim, Roma 1987, 6:12) - B (Schiano-Schiaffini-Melis- Moye, Roma 1991, 4:50) - Times For Peace (Daniele Cavallanti, Milano 1993, 7:49) - Sing Sing (Enrico Fazio, Milano 1990, 4:13) - Tema del vento (Ettore Fioravanti, Vigatto-Parma 2000, 5:55) - Desireless (Don Cherry, Milano 1996, 8:26) - The Woodpecker (Guido Manusardi, Hollywood 2000, 11:52) - Tzukulikat&#xE0; (Carlos Actis Dato, Lessolo 1997, 4:40) - We Free Kings (John Henry Hopkins, New York 2001, 4:19) - Una muy bonita (Ornette Coleman-M. Guryan, Milano 1992, 2:03).</subfield>
  </datafield>
  <datafield tag="511" ind1=" " ind2=" ">
    <subfield code="a">Antonello Salis, Stefano Battaglia, Pietro Tonolo, Tiz. Tononi</subfield>
  </datafield>
  <datafield tag="650" ind1=" " ind2=" ">
    <subfield code="a">JAZZ [COMPACT DISC]</subfield>
    <subfield code="e">Codice MATERIA SPICS: 9949</subfield>
    <subfield code="9">11822</subfield>
  </datafield>
  <datafield tag="700" ind1=" " ind2=" ">
    <subfield code="a">AA.VV.</subfield>
    <subfield code="g">Codice interprete SPICS: 12000</subfield>
    <subfield code="e">Interprete</subfield>
    <subfield code="9">33305</subfield>
  </datafield>
  <datafield tag="942" ind1=" " ind2=" ">
    <subfield code="c">CD</subfield>
    <subfield code="2">ddc</subfield>
  </datafield>
  <datafield tag="952" ind1=" " ind2=" ">
    <subfield code="0">0</subfield>
    <subfield code="1">0</subfield>
    <subfield code="4">0</subfield>
    <subfield code="6">H_1494_000000000000000</subfield>
    <subfield code="7">1</subfield>
    <subfield code="a">SPICS</subfield>
    <subfield code="b">SPICS</subfield>
    <subfield code="d">2013-10-25</subfield>
    <subfield code="l">0</subfield>
    <subfield code="o">H1494</subfield>
    <subfield code="r">2013-10-25 00:00:00</subfield>
    <subfield code="w">2013-10-25</subfield>
    <subfield code="y">CD</subfield>
    <subfield code="z">Progr. Ins.: 22972 / N.Vol.: 1 / Copie: 1 - Copia rara: n.d. / date import: 01.01.2014 - By Epidotti, Trombetti, Vaglietti</subfield>
  </datafield>
</record>
